Estudio de la capacidad y calidad del servicio del sistema de estacionamientos en la Ciudad Universitaria Rodrigo Facio : alternativas de mejoras y análisis de la construcción de un edificio de estacionamientos.

Αποθηκεύτηκε σε:
Λεπτομέρειες βιβλιογραφικής εγγραφής
Κύριος συγγραφέας: Arce Bolaños, Carlos E.
Μορφή: Βιβλίο
Έκδοση: [San José , Costa Rica] 1996
Θέματα:
Ετικέτες: Προσθήκη ετικέτας
Δεν υπάρχουν, Καταχωρήστε ετικέτα πρώτοι!

MARC

LEADER 00000nam a2200000Ia 4500
003 008000
005 20221231144244.0
008 140114s1996 cr a m 000 ||s d
040 |c cru CEDI 
090 |a TFG 3514 
100 |a Arce Bolaños, Carlos E.  |9 10209 
245 |a Estudio de la capacidad y calidad del servicio del sistema de estacionamientos en la Ciudad Universitaria Rodrigo Facio : alternativas de mejoras y análisis de la construcción de un edificio de estacionamientos. 
260 |c 1996  |a  [San José , Costa Rica] 
300 |a [229] hojas : ilustraciones (algunas plegables)  
500 |a Proyecto de graduación (licenciatura en ingeniería civil)--Universidad de Costa Rica. Facultad de Ingeniería. Escuela de Ingeniería Civil 
650 |x ESTACIONAMIENTO DE AUTOMOVILES - COSTA RICA   |x ESTACIONAMIENTO DE AUTOMOVILES - DISEÑO Y CONSTRUCCION   |x CALIDAD DEL SERVICIO  |9 10210 
942 |c TFG 
999 |c 19155  |d 19155